| 000 | 00486nam a22001697a 4500 | ||
|---|---|---|---|
| 003 | 1 | ||
| 005 | 20220422161241.0 | ||
| 008 | 220422b xxu||||| |||| 00| 0 eng d | ||
| 020 | _a978-621-04-0097-7 | ||
| 050 |
_aLB2157 _b.P394 2019 |
||
| 100 | _aPawilen, Greg T. | ||
| 245 |
_aField study 2: _ba guide for 21st century student teachers. |
||
| 260 |
_aManila: _bRex Book Store. _cc2019 |
||
| 300 |
_a167 pp. _c25 cm. _eIncludes index |
||
| 500 | _aTeaching-Education | ||
| 942 |
_2lcc _cBK |
||
| 999 |
_c364718 _d364718 |
||